000 00750cam a22002294a 4500
020 _a9780072900279 (alk. paper)
020 _a007290027X (alk. paper)
020 _a9780070969278
020 _a0070969272
050 0 0 _aHB172
_b.B48 2010
100 1 _aBernheim, B. Douglas.
245 1 0 _aMicroeconomics /
_cB. Douglas Bernheim, Michael D. Whinston.
250 _aCanadian edition.
260 _aBoston :
_bMcGraw-Hill Irwin,
_cc2008.
300 _axxi, 826 p. :
500 _aIncludes index.
650 _xMicroeconomics.
700 1 _aWhinston, Michael Dennis.
856 4 2 _uhttp://www.loc.gov/catdir/enhancements/fy0803/2007044523-d.html
856 4 1 _uhttp://www.loc.gov/catdir/enhancements/fy0803/2007044523-t.html
942 _2lcc
_cGEN
999 _c10856
_d10856